000 00357cam a2200157ua 4500
041 _aeng
_h
082 _a823.308
_bBAT/JA
100 _aBates, H E .
245 _aJacorand Tree /
_cH E Bates.
_hTextual Documents
250 _a1 /
_b.
260 _aLondon :
_bLongman ,
_c1963.
300 _a115 ; .
504 _a
942 _cBK
999 _c7615
_d7615